U.S. cities with the largest surrounding population - Statistics

General Stats
  • This quiz has been taken 31 times
  • The average score is 14 of 15
Answer Stats
Surrounding Population Metro Area % Correct
7,188,004 Chicago
100%
14,794,594 Los Angeles
100%
15,269,048 New York
100%
6,119,054 Atlanta
96%
6,651,697 Dallas
96%
4,879,536 Houston
96%
9,087,575 Washington
96%
7,593,876 Boston
92%
5,625,548 Philadelphia
92%
7,974,869 San Francisco
92%
3,104,708 Cleveland
88%
4,083,650 Seattle
88%
4,687,633 Detroit
84%
6,409,895 Miami
84%
3,544,679 Minneapolis
56%
No matching quizzes found
Score Distribution
Percent of People with Each Score
Percentile by Number Answered
Your Score History
You have not taken this quiz